[Event "Madrid 2022-2023 ch - Previa A"]
[Site "Madrid ESP"]
[Date "2023.02.06"]
[Round "1.1"]
[White "Martin Rodriguez, Emilio"]
[Black "Lopez Heras, Arturo"]
[Result "1-0"]
[WhiteElo "1979"]
[BlackElo "1701"]
[PlyCount "55"]
[EventDate "2023.02.06"]
[EventType "swiss"]
[EventRounds "9"]
[EventCountry "ESP"]
[SourceTitle "Ajedrez en Madrid"]
[Source "lmi"]
[SourceDate "2023.02.06"]
[SourceVersion "1"]
[SourceVersionDate "2023.03.03"]
[SourceQuality "1"]

1. d4 c5 2. d5 d6 3. Nc3 g6 4. e4 Bg7 5. Nf3 Nd7 6. a4 Ngf6 7. h3 O-O 8. Be2
Re8 9. O-O a6 10. Bf4 Qb6 11. Ra3 Qc7 12. Qd2 b6 13. Re1 Bb7 14. Bc4 Rad8 15.
Raa1 Nh5 16. Bh2 Ne5 17. Nxe5 dxe5 18. Rad1 Qd6 19. Qe2 Ra8 20. g4 Nf4 21. Bxf4
exf4 22. e5 Qd7 23. Qe4 Bh6 24. Qg2 Bg5 25. Qf3 Red8 26. h4 Bxh4 27. Qxf4 Kg7
28. g5 1-0

[Event "Madrid 2022-2023 ch - Previa A"]
[Site "Madrid ESP"]
[Date "2023.02.06"]
[Round "1.2"]
[White "Fernandez Rios, Jose Francisco"]
[Black "Rodriguez Garcia, Jose Maria"]
[Result "0-1"]
[WhiteElo "1680"]
[BlackElo "1977"]
[PlyCount "33"]
[EventDate "2023.02.06"]
[EventType "swiss"]
[EventRounds "9"]
[EventCountry "ESP"]
[SourceTitle "Ajedrez en Madrid"]
[Source "lmi"]
[SourceDate "2023.02.06"]
[SourceVersion "1"]
[SourceVersionDate "2023.03.03"]
[SourceQuality "1"]

1. d4 e6 2. c4 f5 3. Nc3 Nf6 4. Bf4 Bb4 5. a3 Bxc3+ 6. bxc3 d6 7. e3 O-O 8. Bd3
b6 9. Nf3 Bb7 10. O-O Nbd7 11. Qe2 Ne4 12. Bxe4 fxe4 13. Ng5 Qe8 14. f3 exf3
15. Nxf3 Qh5 16. Rae1 Rae8 17. e4 0-1

[Event "Madrid 2022-2023 ch - Previa A"]
[Site "Madrid ESP"]
[Date "2023.02.06"]
[Round "1.3"]
[White "Ruiz Bellon, Manuel"]
[Black "De Luna Butz, Alberto"]
[Result "1-0"]
[WhiteElo "1950"]
[BlackElo "1665"]
[PlyCount "63"]
[EventDate "2023.02.06"]
[EventType "swiss"]
[EventRounds "9"]
[EventCountry "ESP"]
[SourceTitle "Ajedrez en Madrid"]
[Source "lmi"]
[SourceDate "2023.02.06"]
[SourceVersion "1"]
[SourceVersionDate "2023.03.03"]
[SourceQuality "1"]

1. Nf3 d5 2. d4 Nf6 3. e3 Bf5 4. Bd3 Bxd3 5. Qxd3 c6 6. Nbd2 Nbd7 7. c4 e6 8.
O-O Bd6 9. Re1 O-O 10. e4 dxe4 11. Nxe4 Nxe4 12. Qxe4 Nf6 13. Qd3 h6 14. Bd2
Qc7 15. g3 Rad8 16. Bc3 Be7 17. Qe2 Rfe8 18. Rad1 Nd7 19. Nd2 c5 20. Ne4 cxd4
21. Bxd4 Nc5 22. Qg4 g6 23. Bxc5 Rxd1 24. Rxd1 Bxc5 25. Nf6+ Kf8 26. Nxe8 Kxe8
27. h4 h5 28. Qf3 Ke7 29. a3 a5 30. b4 axb4 31. axb4 Ba7 32. c5 1-0

[Event "Madrid 2022-2023 ch - Previa A"]
[Site "Madrid ESP"]
[Date "2023.02.06"]
[Round "1.4"]
[White "Martin-Consuegra Barrilero, Francisco Javier"]
[Black "Lopez de Turiso, Jose Angel"]
[Result "0-1"]
[WhiteElo "1665"]
[BlackElo "1926"]
[PlyCount "66"]
[EventDate "2023.02.06"]
[EventType "swiss"]
[EventRounds "9"]
[EventCountry "ESP"]
[SourceTitle "Ajedrez en Madrid"]
[Source "lmi"]
[SourceDate "2023.02.06"]
[SourceVersion "1"]
[SourceVersionDate "2023.03.03"]
[SourceQuality "1"]

1. Nf3 Nf6 2. c4 g6 3. g3 Bg7 4. Bg2 O-O 5. O-O d6 6. Nc3 e5 7. d3 Nc6 8. a3 a5
9. Rb1 Nh5 10. Nd5 h6 11. e3 Kh7 12. Ne1 f5 13. f4 Nf6 14. Nxf6+ Qxf6 15. Nc2
Bd7 16. b4 axb4 17. Nxb4 Nxb4 18. Rxb4 Bc6 19. Bb2 Qe7 20. Qc1 Bxg2 21. Kxg2 b6
22. Re1 Rfe8 23. e4 Qd7 24. Rb5 fxe4 25. Rxe4 exf4 26. Rxf4 Re2+ 27. Rf2 Qc6+
28. Kg1 Rae8 29. Qf4 Re1+ 30. Rf1 R8e2 31. Rd5 Rxf1+ 32. Kxf1 Rxb2 33. Qe4 Qa4
0-1

[Event "Madrid 2022-2023 ch - Previa A"]
[Site "Madrid ESP"]
[Date "2023.02.06"]
[Round "1.5"]
[White "Garcia Fernandez, Jesus"]
[Black "Balsera Gomez, Antonio"]
[Result "0-1"]
[WhiteElo "1910"]
[BlackElo "1663"]
[PlyCount "144"]
[EventDate "2023.02.06"]
[EventType "swiss"]
[EventRounds "9"]
[EventCountry "ESP"]
[SourceTitle "Ajedrez en Madrid"]
[Source "lmi"]
[SourceDate "2023.02.06"]
[SourceVersion "1"]
[SourceVersionDate "2023.03.03"]
[SourceQuality "1"]

1. d4 Nf6 2. c4 e6 3. Nf3 b6 4. g3 Ba6 5. Qc2 c5 6. Bg2 Bb7 7. d5 exd5 8. Nh4
Nc6 9. cxd5 Nb4 10. Qc4 Bxd5 11. Bxd5 Nbxd5 12. O-O g6 13. e4 Nc7 14. Nc3 Be7
15. e5 Nh5 16. Nf3 O-O 17. Bh6 Re8 18. Rad1 Ng7 19. Bxg7 Kxg7 20. Ne4 Ne6 21.
Qa4 b5 22. Qxb5 Rb8 23. Qxd7 Nd4 24. Rxd4 cxd4 25. Qxa7 Qb6 26. Qxb6 Rxb6 27.
Rd1 Rd8 28. Rd2 d3 29. a3 Rc6 30. Kg2 Rc2 31. Ne1 Rdc8 32. Rxd3 Rxb2 33. Nd6
Rc1 34. Re3 Rd1 35. Nd3 Rb3 36. Nc5 Rxe3 37. fxe3 Bxd6 38. exd6 Rxd6 39. a4 Rd5
40. Ne4 Rd3 41. Kf3 f5 42. Ng5 Rd6 43. e4 h6 44. Nh3 Rd3+ 45. Ke2 fxe4 46. Nf2
Rd4 47. Ke3 Rxa4 48. Nxe4 Ra2 49. h4 Ra1 50. Kf3 Re1 51. Nf2 Re8 52. Ne4 Rf8+
53. Ke3 Kf7 54. Kf3 Ke6+ 55. Kg2 Kf5 56. Nf2 Ra8 57. Kf3 Ra3+ 58. Kg2 Ra2 59.
Kf3 h5 60. Kg2 Ra3 61. Kh3 Ke5 62. Kg2 Kd4 63. Nh3 Ke3 64. Nf4 Ra2+ 65. Kh3 Ra6
66. Kg2 Ke4 67. Kh3 Kf3 68. Nd3 Re6 69. Nf4 Re1 70. Kh2 Kg4 71. Nxg6 Re2+ 72.
Kh1 Kxg3 0-1

[Event "Madrid 2022-2023 ch - Previa A"]
[Site "Madrid ESP"]
[Date "2023.02.06"]
[Round "1.6"]
[White "Camarero Izquierdo, Juan Carlos"]
[Black "Garcia Galeote, Lorenzo"]
[Result "1-0"]
[WhiteElo "1651"]
[BlackElo "1900"]
[PlyCount "107"]
[EventDate "2023.02.06"]
[EventType "swiss"]
[EventRounds "9"]
[EventCountry "ESP"]
[SourceTitle "Ajedrez en Madrid"]
[Source "lmi"]
[SourceDate "2023.02.06"]
[SourceVersion "1"]
[SourceVersionDate "2023.03.03"]
[SourceQuality "1"]

1. e4 d5 2. e5 c5 3. Nf3 Nc6 4. c4 d4 5. Bd3 Bg4 6. Be4 Qc7 7. Bxc6+ Qxc6 8. d3
Bxf3 9. gxf3 g6 10. Bf4 Bh6 11. Bxh6 Nxh6 12. Nd2 O-O 13. h4 f6 14. Ne4 Nf7 15.
f4 f5 16. Ng3 b5 17. cxb5 Qxb5 18. h5 Qc6 19. Qe2 e6 20. O-O-O g5 21. fxg5 Nxg5
22. f4 Nf7 23. h6 Nh8 24. Nh5 Ng6 25. Nf6+ Kh8 26. Qf2 Rf7 27. Rhg1 Rb8 28. Qg3
c4 29. dxc4 Qxc4+ 30. Kb1 Rfb7 31. Rd2 d3 32. Rc1 Qd4 33. Qh2 Nxf4 34. b3 Qxe5
35. Nh5 Ng6 36. Qg2 Qe4 37. Qf2 Rd7 38. Qc5 Qd4 39. Qc6 Qd5 40. Qc3+ Qd4 41.
Qc6 Ne5 42. Qxe6 Qd6 43. Qxf5 Rf8 44. Qe4 Qd4 45. Qh1 Qe3 46. Rcd1 Qxh6 47. Rf1
Rxf1+ 48. Qxf1 Rf7 49. Qh3 Ng6 50. Qc8+ Rf8 51. Qc3+ Kg8 52. Qc4+ Rf7 53. Nf6+
Kh8 54. Qxf7 1-0

[Event "Madrid 2022-2023 ch - Previa A"]
[Site "Madrid ESP"]
[Date "2023.02.06"]
[Round "1.7"]
[White "Martin Martin, Luis Vicente"]
[Black "Sanz Muñoz, Manuel"]
[Result "0-1"]
[WhiteElo "1900"]
[BlackElo "1643"]
[PlyCount "58"]
[EventDate "2023.02.06"]
[EventType "swiss"]
[EventRounds "9"]
[EventCountry "ESP"]
[SourceTitle "Ajedrez en Madrid"]
[Source "lmi"]
[SourceDate "2023.02.06"]
[SourceVersion "1"]
[SourceVersionDate "2023.03.03"]
[SourceQuality "1"]

1. d4 e6 2. Bf4 c5 3. e3 Nf6 4. c3 Be7 5. Nd2 Nc6 6. Bd3 d5 7. Ngf3 Nh5 8. Be5
Nxe5 9. dxe5 g6 10. g4 Ng7 11. h4 h5 12. g5 Bd7 13. Qe2 a6 14. O-O Qc7 15. e4
O-O 16. Rfd1 Bc6 17. Nf1 b5 18. b3 a5 19. Bxb5 dxe4 20. Bxc6 Qxc6 21. N3d2 Nf5
22. Ng3 Nxh4 23. Ndxe4 Bxg5 24. f3 Bf4 25. Rd6 Qb7 26. Rd7 Qb8 27. Nf6+ Kh8 28.
Ngxh5 Qxe5 29. Nxf4 Qxf4 0-1

[Event "Madrid 2022-2023 ch - Previa A"]
[Site "Madrid ESP"]
[Date "2023.02.06"]
[Round "1.8"]
[White "Sanchez Arriola, Ignacio"]
[Black "Moreno Torrero, Javier"]
[Result "1-0"]
[WhiteElo "1580"]
[BlackElo "1889"]
[PlyCount "159"]
[EventDate "2023.02.06"]
[EventType "swiss"]
[EventRounds "9"]
[EventCountry "ESP"]
[SourceTitle "Ajedrez en Madrid"]
[Source "lmi"]
[SourceDate "2023.02.06"]
[SourceVersion "1"]
[SourceVersionDate "2023.03.03"]
[SourceQuality "1"]

1. c4 Nf6 2. g3 g6 3. Bg2 Bg7 4. e4 d6 5. Ne2 O-O 6. O-O c5 7. Nbc3 Nbd7 8. d3
a6 9. Rb1 Rb8 10. h3 b5 11. b3 b4 12. Na4 Bb7 13. Be3 Bc6 14. Nb2 Qc7 15. Qd2
e6 16. Bh6 Bxh6 17. Qxh6 d5 18. f3 Nh5 19. g4 Ng3 20. Nxg3 Qxg3 21. Qe3 d4 22.
Qe1 Qf4 23. Qc1 e5 24. Qxf4 exf4 25. Kf2 f6 26. h4 Ne5 27. Ke2 Rb7 28. Rh1 Be8
29. Nd1 Rg7 30. Bh3 h5 31. Nf2 g5 32. hxg5 Rxg5 33. Rbg1 hxg4 34. Nxg4 Nxg4 35.
Bxg4 Kg7 36. Kf2 Rh8 37. Rxh8 Kxh8 38. Bc8 a5 39. Bf5 Kg7 40. Rg4 Bh5 41. Rxf4
Kf7 42. Rh4 Bg6 43. Bxg6+ Rxg6 44. Rh5 Ke6 45. Rxc5 Rh6 46. Rxa5 Rh2+ 47. Kg3
Rd2 48. Ra6+ Ke7 49. Ra4 Rxd3 50. Ra5 Rd2 51. Rd5 Rxa2 52. Rxd4 Rc2 53. c5 Rxc5
54. Rxb4 Rc6 55. Rd4 Rb6 56. b4 Ke6 57. Kf4 Rb7 58. Ke3 Rc7 59. Kd3 f5 60.
exf5+ Kxf5 61. Re4 Rc1 62. Rc4 Rf1 63. Ke2 Rb1 64. Rc5+ Kf4 65. Rc4+ Kf5 66. f4
Rb3 67. Kd2 Rf3 68. Kc2 Rxf4 69. Rxf4+ Kxf4 70. Kc3 Ke5 71. Kc4 Kd6 72. Kb5 Kc7
73. Kc5 Kb7 74. Kb5 Kb8 75. Kb6 Ka8 76. Kc7 Ka7 77. b5 Ka8 78. Kc6 Kb8 79. Kb6
Ka8 80. Kc7 1-0

[Event "Madrid 2022-2023 ch - Previa A"]
[Site "Madrid ESP"]
[Date "2023.02.06"]
[Round "1.9"]
[White "Blazquez Sanz, Oscar"]
[Black "Ramos Antona, Enrique"]
[Result "1-0"]
[WhiteElo "1886"]
[BlackElo "1565"]
[PlyCount "145"]
[EventDate "2023.02.06"]
[EventType "swiss"]
[EventRounds "9"]
[EventCountry "ESP"]
[SourceTitle "Ajedrez en Madrid"]
[Source "lmi"]
[SourceDate "2023.02.06"]
[SourceVersion "1"]
[SourceVersionDate "2023.03.03"]
[SourceQuality "1"]

1. e4 e5 2. Nf3 d6 3. Bc4 Be7 4. c3 Nf6 5. d3 O-O 6. Nbd2 c6 7. Bb3 Re8 8. Nf1
h6 9. h3 Bf8 10. g4 Nh7 11. Ng3 d5 12. Qe2 g6 13. Be3 Bg7 14. Qd2 Qf6 15. Bd1
Nd7 16. Bxh6 Nc5 17. Be3 dxe4 18. Nxe4 Nxe4 19. dxe4 Rd8 20. g5 Qe7 21. Qe2 Be6
22. Bb3 Rd7 23. Rd1 Rad8 24. Rxd7 Rxd7 25. h4 Bg4 26. Rg1 Bh5 27. Rg3 b6 28.
Qc2 Nf8 29. Kf1 Ne6 30. Bxe6 Qxe6 31. Qb3 Qxb3 32. axb3 Rd1+ 33. Ke2 Rb1 34.
Kd3 Rxb2 35. Nd2 Bd1 36. b4 Bc2+ 37. Ke2 Bxe4 38. f3 Bd5 39. Kd1 Bb3+ 40. Nxb3
Rxb3 41. Kc2 Ra3 42. Kb2 Ra4 43. Rg1 Bf8 44. Kb3 b5 45. Rd1 Be7 46. Rd7 Kf8 47.
Rc7 Ra6 48. f4 Bd6 49. Rd7 exf4 50. Bxa7 Ke8 51. Rxd6 Rxa7 52. Rxc6 Ra1 53. Rf6
Rb1+ 54. Kc2 Rf1 55. Kd3 f3 56. Rc6 Rh1 57. Ke3 f2 58. Kxf2 Rxh4 59. Ke3 Rg4
60. Rc5 Kd7 61. Rxb5 Rg3+ 62. Kd4 Rg4+ 63. Kd3 Rg3+ 64. Kc4 Rg4+ 65. Kb3 Rf4
66. c4 Rf3+ 67. Ka4 Rf5 68. Rxf5 gxf5 69. Kb3 Kc6 70. Kc3 Kd6 71. Kd4 Ke6 72.
b5 Kd6 73. c5+ 1-0

[Event "Madrid 2022-2023 ch - Previa A"]
[Site "Madrid ESP"]
[Date "2023.02.06"]
[Round "1.10"]
[White "Jimenez Manzano, Emiliano"]
[Black "Vazquez Gonzalez, Jesus"]
[Result "0-1"]
[WhiteElo "1551"]
[BlackElo "1876"]
[PlyCount "104"]
[EventDate "2023.02.06"]
[EventType "swiss"]
[EventRounds "9"]
[EventCountry "ESP"]
[SourceTitle "Ajedrez en Madrid"]
[Source "lmi"]
[SourceDate "2023.02.06"]
[SourceVersion "1"]
[SourceVersionDate "2023.03.03"]
[SourceQuality "1"]

1. d4 c5 2. d5 e5 3. Nc3 d6 4. Nf3 g6 5. e4 Bg7 6. Be2 Ne7 7. Bg5 f6 8. Be3 O-O
9. Qd2 f5 10. exf5 Bxf5 11. Bh6 a6 12. Bxg7 Kxg7 13. Ng5 h6 14. Ne6+ Bxe6 15.
dxe6 Nbc6 16. Ne4 Nd4 17. Bg4 Rf4 18. f3 h5 19. Bh3 Nef5 20. O-O-O Qe7 21. c3
Nxe6 22. Bxf5 gxf5 23. Qxd6 Qxd6 24. Nxd6 b5 25. Rhf1 Kf6 26. g3 Ra4 27. Kb1 b4
28. b3 Ra5 29. c4 Rb8 30. g4 hxg4 31. fxg4 f4 32. h4 Rh8 33. Nb7 Ra3 34. g5+
Kf5 35. Nd6+ Kg6 36. Rh1 Nd4 37. Ne4 Rc8 38. h5+ Kg7 39. g6 a5 40. Nd6 Rb8 41.
Rxd4 cxd4 42. Nb5 d3 43. Nxa3 bxa3 44. Kc1 e4 45. Kd2 Rd8 46. h6+ Kxg6 47. h7
e3+ 48. Kc3 d2 49. h8=Q Rxh8 50. Rg1+ Kf5 51. Kc2 Rd8 52. Kd1 f3 0-1

[Event "Madrid 2022-2023 ch - Previa A"]
[Site "Madrid ESP"]
[Date "2023.02.06"]
[Round "1.11"]
[White "Marin Lopez, Jeronimo"]
[Black "Hortelano Hap, Ramon"]
[Result "1-0"]
[WhiteElo "1875"]
[BlackElo "1544"]
[PlyCount "76"]
[EventDate "2023.02.06"]
[EventType "swiss"]
[EventRounds "9"]
[EventCountry "ESP"]
[SourceTitle "Ajedrez en Madrid"]
[Source "lmi"]
[SourceDate "2023.02.06"]
[SourceVersion "1"]
[SourceVersionDate "2023.03.03"]
[SourceQuality "1"]

1. e4 c5 2. Nc3 Nc6 3. Bb5 a6 4. Bxc6 bxc6 5. d4 cxd4 6. Qxd4 e6 7. Nf3 c5 8.
Qa4 Bb7 9. O-O Be7 10. Rd1 Bc6 11. Qc4 Qc7 12. Bg5 f6 13. Be3 d6 14. Qxe6 Bd7
15. Qc4 Bg4 16. Bf4 Qc6 17. Rd2 Bxf3 18. gxf3 g5 19. Bg3 Nh6 20. Rad1 Nf7 21.
Qe6 Rd8 22. Nd5 Qb7 23. Nxf6+ Kf8 24. e5 h5 25. exd6 Bxf6 26. Qxf6 h4 27. Be5
Qd7 28. Qg7+ Ke8 29. Re1 Qe6 30. Rde2 Kd7 31. Bf6 Rhg8 32. Qxg8 Rxg8 33. Rxe6
Nxd6 34. Re7+ Kc6 35. R1e6 Kd5 36. Re5+ Kc4 37. b3+ Kb5 38. a3 g4 1-0

[Event "Madrid 2022-2023 ch - Previa A"]
[Site "Madrid ESP"]
[Date "2023.02.06"]
[Round "1.12"]
[White "Becerra Baigorri, Jose"]
[Black "Marin Aso, Jose Luis"]
[Result "0-1"]
[WhiteElo "1539"]
[BlackElo "1865"]
[PlyCount "72"]
[EventDate "2023.02.06"]
[EventType "swiss"]
[EventRounds "9"]
[EventCountry "ESP"]
[SourceTitle "Ajedrez en Madrid"]
[Source "lmi"]
[SourceDate "2023.02.06"]
[SourceVersion "1"]
[SourceVersionDate "2023.03.03"]
[SourceQuality "1"]

1. e4 c5 2. Nf3 Nc6 3. d4 cxd4 4. Nxd4 e5 5. Nb3 Nf6 6. Bg5 h6 7. Bxf6 Qxf6 8.
Bd3 g6 9. Nc3 Bg7 10. Nd5 Qd8 11. O-O O-O 12. Qe2 d6 13. Rad1 Be6 14. c4 a5 15.
a4 Nb8 16. Bc2 Nd7 17. Qe3 Rc8 18. Nd2 Nc5 19. b3 Bg4 20. f3 Bd7 21. Nb1 Kh7
22. Nbc3 h5 23. Nb5 Bh6 24. Qe2 Bc6 25. Ndc3 Qb6 26. Kh1 Bxb5 27. Nxb5 Rcd8 28.
Rd5 Ne6 29. Qd1 Qe3 30. Rd3 Qg5 31. Rxd6 Rxd6 32. Nxd6 h4 33. Qe1 Nf4 34. Rf2
Nh5 35. Qf1 Ng3+ 36. hxg3 hxg3 0-1

[Event "Madrid 2022-2023 ch - Previa A"]
[Site "Madrid ESP"]
[Date "2023.02.06"]
[Round "1.13"]
[White "Alvarez Abejon, Amilcar"]
[Black "Villodre Miranda, Juan Alonso"]
[Result "1-0"]
[WhiteElo "1863"]
[BlackElo "1503"]
[PlyCount "119"]
[EventDate "2023.02.06"]
[EventType "swiss"]
[EventRounds "9"]
[EventCountry "ESP"]
[SourceTitle "Ajedrez en Madrid"]
[Source "lmi"]
[SourceDate "2023.02.06"]
[SourceVersion "1"]
[SourceVersionDate "2023.03.03"]
[SourceQuality "1"]

1. e4 e5 2. Nf3 d6 3. d4 exd4 4. Nxd4 Nc6 5. Bb5 Bd7 6. O-O Nxd4 7. Bxd7+ Qxd7
8. Qxd4 Nf6 9. e5 dxe5 10. Qxe5+ Kd8 11. Bg5 Qe6 12. Qb5 Kc8 13. Nc3 a6 14. Qa4
Qd7 15. Qh4 Qf5 16. Rad1 Bd6 17. Bxf6 gxf6 18. Qe4 Qf4 19. Qxf4 Bxf4 20. Nd5
Be5 21. c3 b6 22. f4 Bd6 23. Nxb6+ cxb6 24. Rxd6 Rb8 25. Rxf6 Rb7 26. Rd1 Re8
27. Rc6+ Kb8 28. Rcd6 Ree7 29. h3 Kc7 30. Rh6 Re2 31. Rxh7 Kc6 32. Rh6+ Kc7 33.
b4 Rxa2 34. Rdd6 Rb8 35. Rc6+ Kd7 36. Rhd6+ Ke7 37. Rxb6 Ra8 38. Rh6 Ra7 39. f5
a5 40. f6+ Kd7 41. b5 Rc2 42. Rh7 Kc8 43. Rc6+ Rc7 44. Rxc7+ Kxc7 45. Rxf7+ Kd8
46. Ra7 Ke8 47. Rxa5 Rxc3 48. Ra6 Rc5 49. Rb6 Kf7 50. Kh2 Rc3 51. h4 Rc4 52.
Kh3 Rc3+ 53. g3 Rd3 54. Rc6 Rd8 55. b6 Rb8 56. Kg4 Kg6 57. h5+ Kf7 58. Kf5 Rd8
59. Rc7+ Kf8 60. b7 1-0

[Event "Madrid 2022-2023 ch - Previa A"]
[Site "Madrid ESP"]
[Date "2023.02.06"]
[Round "1.14"]
[White "Metola Arias, Mario"]
[Black "Ciuro Muñoz, Ricardo"]
[Result "1/2-1/2"]
[WhiteElo "1498"]
[BlackElo "1860"]
[PlyCount "65"]
[EventDate "2023.02.06"]
[EventType "swiss"]
[EventRounds "9"]
[EventCountry "ESP"]
[SourceTitle "Ajedrez en Madrid"]
[Source "lmi"]
[SourceDate "2023.02.06"]
[SourceVersion "1"]
[SourceVersionDate "2023.03.03"]
[SourceQuality "1"]

1. d4 e6 2. e4 d5 3. exd5 exd5 4. Nf3 Nc6 5. Bf4 Bd6 6. Bg3 Nge7 7. c3 Bg4 8.
Bd3 Qd7 9. Nbd2 f6 10. Qc2 Bxg3 11. hxg3 Bf5 12. O-O-O O-O-O 13. Nb3 b6 14. Nc5
Bxd3 15. Nxd3 g5 16. Qa4 Kb7 17. Qb5 Ka8 18. Rde1 Ne5 19. Qa6 Nxd3+ 20. Qxd3
Ng6 21. Qa6 Rde8 22. a4 Kb8 23. b4 Rxe1+ 24. Rxe1 Re8 25. Rxe8+ Qxe8 26. a5 Qc8
27. Qb5 c6 28. Qe2 bxa5 29. bxa5 Qd8 30. Qb2+ Kc8 31. Qb4 Qe7 32. Qa4 Qb7 33.
Qa3 1/2-1/2

[Event "Madrid 2022-2023 ch - Previa A"]
[Site "Madrid ESP"]
[Date "2023.02.06"]
[Round "1.15"]
[White "Marcos Herrero, Francisco"]
[Black "Martinez Miura, Enrique"]
[Result "1-0"]
[WhiteElo "1855"]
[BlackElo "1494"]
[PlyCount "67"]
[EventDate "2023.02.06"]
[EventType "swiss"]
[EventRounds "9"]
[EventCountry "ESP"]
[SourceTitle "Ajedrez en Madrid"]
[Source "lmi"]
[SourceDate "2023.02.06"]
[SourceVersion "1"]
[SourceVersionDate "2023.03.03"]
[SourceQuality "1"]

1. c4 c6 2. Nf3 d5 3. d4 Nf6 4. g3 e6 5. Bg2 Be7 6. O-O O-O 7. Qc2 Nbd7 8. Nbd2
b6 9. e4 dxe4 10. Nxe4 Bb7 11. Rd1 Nxe4 12. Qxe4 Nf6 13. Qe2 Qc8 14. Bf4 Re8
15. Rac1 c5 16. a3 cxd4 17. Nxd4 Bxg2 18. Kxg2 Qb7+ 19. Kg1 a6 20. b4 Rac8 21.
Be5 Nd7 22. Nf3 Nxe5 23. Nxe5 Red8 24. Rxd8+ Rxd8 25. c5 bxc5 26. bxc5 Qc7 27.
Qe3 Rd5 28. c6 Bd6 29. Nc4 Bc5 30. Qc3 Bd4 31. Qb4 Rb5 32. Qd6 Be5 33. Nxe5
Qxd6 34. c7 1-0

[Event "Madrid 2022-2023 ch - Previa A"]
[Site "Madrid ESP"]
[Date "2023.02.06"]
[Round "1.16"]
[White "Mejias Gonzalez, Pedro"]
[Black "Sanchez Rodriguez, Jaime"]
[Result "1/2-1/2"]
[WhiteElo "1489"]
[BlackElo "1839"]
[PlyCount "65"]
[EventDate "2023.02.06"]
[EventType "swiss"]
[EventRounds "9"]
[EventCountry "ESP"]
[SourceTitle "Ajedrez en Madrid"]
[Source "lmi"]
[SourceDate "2023.02.06"]
[SourceVersion "1"]
[SourceVersionDate "2023.03.03"]
[SourceQuality "1"]

1. b3 d5 2. Bb2 c6 3. d4 Bg4 4. Nf3 Nd7 5. e3 e6 6. Be2 f5 7. O-O Ngf6 8. Nbd2
Bd6 9. Ne5 Bxe2 10. Qxe2 O-O 11. f4 Qe7 12. Rf3 Ne4 13. Nxe4 fxe4 14. Rh3 Nf6
15. g4 g6 16. Kh1 Qg7 17. Rg1 Rae8 18. f5 g5 19. Rhg3 Nd7 20. Nxd7 Qxd7 21. Rh3
Qg7 22. fxe6 Rxe6 23. Rh5 Ref6 24. Rg2 Rf1+ 25. Rg1 R8f2 26. Qxf1 Rxf1 27. Rxf1
h6 28. Rf5 Be7 29. Bc1 Kh7 30. Bd2 Kg6 31. Be1 Qg8 32. Bg3 Qe6 33. Be5 1/2-1/2

[Event "Madrid 2022-2023 ch - Previa A"]
[Site "Madrid ESP"]
[Date "2023.02.06"]
[Round "1.17"]
[White "Fernandez Garcia, Ignacio"]
[Black "Lopez Del Moral Lopez de, Rafael"]
[Result "1-0"]
[WhiteElo "1824"]
[BlackElo "1480"]
[PlyCount "73"]
[EventDate "2023.02.06"]
[EventType "swiss"]
[EventRounds "9"]
[EventCountry "ESP"]
[SourceTitle "Ajedrez en Madrid"]
[Source "lmi"]
[SourceDate "2023.02.06"]
[SourceVersion "1"]
[SourceVersionDate "2023.03.03"]
[SourceQuality "1"]

1. e4 e5 2. Nf3 Nc6 3. Bc4 Be7 4. Nc3 Nf6 5. d3 d6 6. h3 O-O 7. g4 Nd4 8. g5
Ne8 9. Be3 Nxf3+ 10. Qxf3 Bxg5 11. O-O-O Be6 12. Rdg1 Bxe3+ 13. fxe3 Bxc4 14.
dxc4 Qf6 15. Qe2 c6 16. h4 Qh6 17. Rg5 g6 18. Rg3 f5 19. h5 f4 20. Rgg1 f3 21.
Qf2 g5 22. Rg3 Kh8 23. Rxf3 Rxf3 24. Qxf3 Nf6 25. Qd1 Rd8 26. c5 d5 27. exd5
Nxd5 28. Nxd5 Rxd5 29. Qg4 Rd8 30. Rg1 Rg8 31. Qf5 g4 32. Qxe5+ Qg7 33. Qf4 Qg5
34. Qd4+ Rg7 35. Rf1 h6 36. Rf8+ Kh7 37. Qe4+ 1-0

[Event "Madrid 2022-2023 ch - Previa A"]
[Site "Madrid ESP"]
[Date "2023.02.06"]
[Round "1.19"]
[White "Garcia Martin, Esteban"]
[Black "Moreno Sabroso, Ruben"]
[Result "1-0"]
[WhiteElo "1819"]
[BlackElo "1455"]
[PlyCount "81"]
[EventDate "2023.02.06"]
[EventType "swiss"]
[EventRounds "9"]
[EventCountry "ESP"]
[SourceTitle "Ajedrez en Madrid"]
[Source "lmi"]
[SourceDate "2023.02.06"]
[SourceVersion "1"]
[SourceVersionDate "2023.03.03"]
[SourceQuality "1"]

1. c4 g6 2. Nc3 Bg7 3. g3 d6 4. Bg2 Nc6 5. e4 Bd7 6. Nge2 Nd4 7. Nxd4 Bxd4 8.
O-O Qc8 9. d3 c5 10. Qc2 Rb8 11. Bf4 Bg7 12. Rab1 Nh6 13. b4 b6 14. bxc5 Qxc5
15. Be3 Qc8 16. Bg5 f6 17. Bf4 Nf7 18. Qd2 O-O 19. Rbc1 Ne5 20. Nd5 Qd8 21. d4
Nc6 22. Rfd1 e5 23. dxe5 dxe5 24. Be3 Be6 25. Qe2 Qc8 26. c5 b5 27. Rb1 b4 28.
Qc2 f5 29. Qa4 a5 30. Qxc6 Qe8 31. Qxe8 Rfxe8 32. Nc7 Re7 33. Nxe6 Rxe6 34.
exf5 gxf5 35. Bd5 Kf7 36. Bxe6+ Kxe6 37. Rd6+ Kf7 38. Rbd1 Bf6 39. Rd7+ Kg8 40.
c6 Rc8 41. c7 1-0

[Event "Madrid 2022-2023 ch - Previa A"]
[Site "Madrid ESP"]
[Date "2023.02.06"]
[Round "1.20"]
[White "Menendez Domens, Juan Manuel"]
[Black "Pashov, Spas Nikolov"]
[Result "0-1"]
[WhiteElo "1440"]
[BlackElo "1806"]
[PlyCount "142"]
[EventDate "2023.02.06"]
[EventType "swiss"]
[EventRounds "9"]
[EventCountry "ESP"]
[SourceTitle "Ajedrez en Madrid"]
[Source "lmi"]
[SourceDate "2023.02.06"]
[SourceVersion "1"]
[SourceVersionDate "2023.03.03"]
[SourceQuality "1"]

1. d4 Nf6 2. Nf3 g6 3. e3 Bg7 4. Bd3 c5 5. c3 cxd4 6. exd4 O-O 7. O-O b6 8. Re1
Bb7 9. Bg5 d6 10. Nbd2 Nbd7 11. a4 Re8 12. h3 Qc7 13. Qb3 Rac8 14. Re2 d5 15.
Rae1 Nf8 16. Bb5 Bc6 17. Bxc6 Qxc6 18. Rxe7 Rxe7 19. Rxe7 N6d7 20. Qb5 Bf6 21.
Bxf6 Qxf6 22. Rxd7 Nxd7 23. Qxd7 Qe6 24. Qxa7 h6 25. Ne5 g5 26. Ndf3 Rd8 27.
Qc7 Re8 28. Kf1 Kg7 29. Qc6 f6 30. Qd7+ Re7 31. Qxe6 Rxe6 32. Nd3 Kf7 33. Nb4
Rd6 34. Ke2 Ke6 35. g4 Rd8 36. Kd3 h5 37. c4 dxc4+ 38. Kxc4 hxg4 39. hxg4 f5
40. gxf5+ Kxf5 41. Nd5 Rc8+ 42. Kd3 Rb8 43. Ne7+ Ke6 44. Nc6 Rc8 45. Nxg5+ Kf6
46. Ne4+ Ke6 47. Na7 Ra8 48. Nb5 Rxa4 49. Nec3 Ra1 50. b3 Rf1 51. d5+ Ke5 52.
Ke2 Rc1 53. f3 Rc2+ 54. Kd3 Rf2 55. Nd4 Rh2 56. Ke3 Rh1 57. Nc6+ Kd6 58. Ke4
Re1+ 59. Ne2 Rxe2+ 60. Kd4 Rd2+ 61. Ke4 Rxd5 62. Nd4 Re5+ 63. Kd3 Kc5 64. Nc2
Rh5 65. f4 Rh3+ 66. Ne3 Kb4 67. f5 Kxb3 68. f6 Rf3 69. Ke4 Rxf6 70. Nd5 Rd6 71.
Nc7 Kc4 0-1